[Event "Corrientes Mayor Rosarino op"]
[Site "Corrientes"]
[Date "2022.10.10"]
[Round "9"]
[White "Dlugovitzky, Pablo"]
[Black "Nieto, Sebastian"]
[Result "0-1"]
[WhiteElo "1715"]
[BlackElo "1874"]
[PlyCount "82"]
[EventDate "2022.10.06"]
[EventType "swiss"]
[EventRounds "9"]
[EventCountry "ARG"]
[SourceTitle "CBM 210 Extra"]
[Source "ChessBase"]
[SourceDate "2022.11.30"]
[SourceVersion "1"]
[SourceVersionDate "2022.11.30"]
[SourceQuality "1"]

1. d4 d5 2. Nf3 Nf6 3. c4 e6 4. Nc3 Be7 5. Bf4 a6 6. e3 0-0 7. a4 b6 8. Bd3 dxc4 9. Bxc4 Bb7 10. h3 c5 11. 0-0 cxd4 12. exd4 Nd5 13. Bxb8 Nxc3 14. bxc3 Qxb8 15. Qe2 Qd6 16. Rab1 Rfc8 17. Nd2 Qf4 18. Bd3 Rxc3 19. Rxb6 Bd5 20. Be4 Rd8 21. Bxd5 Rxd5 22. Nf3 h6 23. Re1 Bd6 24. Qe4 Rxf3 25. Qxf3 Qh2+ 26. Kf1 Rxd4 27. Ke2 Rd5 28. Rd1 Re5+ 29. Kd3 Rf5 30. Qa8+ Kh7 31. Qe4 g6 32. Kc2 Rxf2+ 33. Rd2 Rf4 34. Qc6 Bb4 35. Re2 Qg3 36. Rxb4 Rxb4 37. Qxa6 Qb3+ 38. Kd2 Rxa4 39. Qc8 Qd5+ 40. Ke1 Qd4 41. Rd2 Qe3+ 0-1

[Event "Corrientes Mayor Rosarino op"]
[Site "Corrientes"]
[Date "2022.10.10"]
[Round "8"]
[White "Nieto, Sebastian"]
[Black "Grego, Maximiliano"]
[Result "0-1"]
[WhiteElo "1874"]
[BlackElo "1761"]
[PlyCount "138"]
[EventDate "2022.10.06"]
[EventType "swiss"]
[EventRounds "9"]
[EventCountry "ARG"]
[SourceTitle "CBM 210 Extra"]
[Source "ChessBase"]
[SourceDate "2022.11.30"]
[SourceVersion "1"]
[SourceVersionDate "2022.11.30"]
[SourceQuality "1"]

1. e4 e5 2. Nf3 Nc6 3. Bb5 a6 4. Ba4 Nf6 5. 0-0 Be7 6. Re1 b5 7. Bb3 d6 8. c3 0-0 9. h3 Nb8 10. d4 Nbd7 11. Nbd2 Bb7 12. Qe2 h6 13. Bc2 Re8 14. Nf1 Bf8 15. Ng3 g6 16. a4 Rb8 17. axb5 axb5 18. Qd3 Bg7 19. Qd1 Qe7 20. d5 c6 21. dxc6 Bxc6 22. Ra7 Ra8 23. Rc7 Rec8 24. Rxc8+ Rxc8 25. Bb3 Nc5 26. Bc2 Rd8 27. Qe2 Qb7 28. b4 Na4 29. Bd2 Nb6 30. Bb3 Re8 31. Bc1 d5 32. Nd2 h5 33. h4 Ng4 34. f3 Nh6 35. Ndf1 Kh7 36. Bg5 f6 37. Bc1 Nf7 38. Bc2 d4 39. cxd4 exd4 40. Qd1 Nc4 41. Qxd4 f5 42. Qd1 Rd8 43. Qe2 Qa7+ 44. Kh1 Qe7 45. exf5 Qxh4+ 46. Kg1 Bd4+ 47. Be3 Nxe3 48. Nxe3 Qxg3 49. fxg6+ Kg7 50. gxf7 Bxf3 51. Qf2 Qxf2+ 52. Kxf2 Bd5 53. Rd1 Bb6 54. Ke2 Bxf7 55. Nf5+ Kf6 56. Ra1 Bc4+ 57. Ke1 Bf2+ 58. Kxf2 Rd2+ 59. Kg1 Rxc2 60. Ne3 Rb2 61. Ra6+ Kg5 62. Rb6 Kf4 63. Nxc4 bxc4 64. b5 c3 65. Rc6 c2 66. Kh2 Ke3 67. b6 Kd2 68. Rd6+ Kc1 69. Kh3 Kb1 0-1